COURT OF APPEAL ELECTION PETITION APPEALS NO.14 & 16 OF 2011, 1.Mbaghadi Fredrick Nkayi 2.Electoral Commission Vs Dr. Nabwiso Frank Wilberforce B (Record no. 5465)

MARC details
000 -LEADER
fixed length control field 00579nam a22001097a 4500
008 - FIXED-LENGTH DATA ELEMENTS--GENERAL INFORMATION
fixed length control field 130718b xxu||||| |||| 00| 0 eng d
010 ## - LIBRARY OF CONGRESS CONTROL NUMBER
LC control number CAEPAF-72B
245 ## - TITLE STATEMENT
Title COURT OF APPEAL ELECTION PETITION APPEALS NO.14 & 16 OF 2011, 1.Mbaghadi Fredrick Nkayi 2.Electoral Commission Vs Dr. Nabwiso Frank Wilberforce B
260 ## - PUBLICATION, DISTRIBUTION, ETC. (IMPRINT)
Place of publication, distribution, etc Court of Appeal at Kampala
Date of publication, distribution, etc 2012
500 ## - GENERAL NOTE
Materials specified Coram: Hon. Justice A.E.N.Mpagi-Bahigeine, Hon. Justice A.S. Nshimye, Hon.Justice Remmy Kasule
500 ## - GENERAL NOTE
Materials specified Arising from the Judgement and orders of Mwangusha J. dated 2011 in Election Petition No.4 of 2011 at Jinja
Holdings
Withdrawn status Lost status Source of classification or shelving scheme Damaged status Koha normalized classification for sorting Not for loan Location (home branch) Sublocation or collection (holding branch) Shelving location Date acquired Koha issues (times borrowed) Koha full call number Piece designation (barcode) Koha date last seen Price effective from Koha item type Public note
    Dewey Decimal Classification   CAEPAF__72B   Law Development Centre Main Library Law Development Centre Main Library Reference 07/18/2013   CAEPAF_72b 5103/2013 07/18/2013 07/18/2013 Un Reported Cases Judgement entered on 25th July 2012
    Dewey Decimal Classification   CAEPAF_72B   Law Development Centre Main Library Law Development Centre Main Library Law Reports 07/23/2019   CAEPAF:72B 935/2019 07/23/2019 07/23/2019 Un Reported Cases JUDGEMENT WAS ENTERED ON 25TH OF JULY 2012